| 000 | 00887nam a22001697a 4500 | ||
|---|---|---|---|
| 999 |
_c63410 _d63410 |
||
| 003 | Ge_BSU | ||
| 005 | 20251002185240.0 | ||
| 008 | 251002s1969 ge ||||| |||| 00| 0 geo d | ||
| 041 | _ageo | ||
| 080 | _a631.115.6(479.22) ჯ-27 | ||
| 100 |
_aჯაფარიძე, შალვა _925928 |
||
| 245 |
_aვზრდით მიწის ნაყოფიერებას : _b[სოფ. ხუცუბნის კოლმეურნეობის მუშაობის გამოცდილებიდან. ქობულეთის რ-ნი] / _cშალვა ჯაფარიძე. |
||
| 264 |
_aთბილისი : _bსაბჭ. საქართველო, _c1969. |
||
| 300 |
_a45 გვ. : _b ილ. ; _c20 სმ. |
||
| 653 | _aკოლმეურნეობები საქართველოში | ||
| 942 |
_2udc _cᲬᲘᲒᲜᲘ |
||